[Event "Rostock SSC op 18th"]
[Site "Rostock"]
[Date "2019.08.10"]
[Round "6"]
[White "Duede, Enrico"]
[Black "Onasch, Gunnar"]
[Result "0-1"]
[WhiteElo "1202"]
[BlackElo "1885"]
[PlyCount "74"]
[EventDate "2019.08.07"]
[EventType "swiss"]
[EventRounds "7"]
[EventCountry "GER"]
[SourceTitle "EXT 2020"]
[Source "ChessBase"]
[SourceDate "2019.10.17"]
[SourceVersion "1"]
[SourceVersionDate "2019.10.17"]
[SourceQuality "1"]

1. e4 c5 2. Nf3 e6 3. d4 cxd4 4. Nxd4 Nc6 5. c4 Nf6 6. Nc3 Bb4 7. Nxc6 bxc6 8. Bd3 Qc7 9. Qc2 h6 10. 0-0 0-0 11. Bd2 a5 12. a3 Bc5 13. Na4 Bd4 14. Bc3 Bxc3 15. Nxc3 d6 16. b4 axb4 17. axb4 Bb7 18. c5 dxc5 19. bxc5 Qe5 20. Rxa8 Rxa8 21. Ne2 Nd7 22. Rc1 Ra5 23. f4 Qxc5+ 24. Qxc5 Nxc5 25. Bc2 f6 26. Nc3 Kf8 27. Kf2 Ke7 28. Ke3 e5 29. f5 Ra3 30. Kd2 Ra8 31. Rb1 Ba6 32. Rc1 g5 33. Ke3 Bc4 34. Rd1 Ra3 35. Kd2 h5 36. Nb1 Ra2 37. Nc3 Nb3+ 0-1

[Event "Rostock SSC op 17th"]
[Site "Rostock"]
[Date "2018.07.14"]
[Round "6.25"]
[White "Duede, Enrico"]
[Black "Tovmasyan, Minas"]
[Result "0-1"]
[WhiteElo "1155"]
[BlackElo "1557"]
[PlyCount "62"]
[EventDate "2018.07.11"]
[EventType "swiss"]
[EventRounds "7"]
[EventCountry "GER"]
[SourceTitle "EXT 2019"]
[Source "ChessBase"]
[SourceDate "2018.10.10"]
[SourceVersion "1"]
[SourceVersionDate "2018.10.10"]
[SourceQuality "1"]

1. e3 d5 2. d4 Nf6 3. c4 e6 4. Nc3 Be7 5. Nf3 0-0 6. cxd5 Nxd5 7. e4 Nxc3 8. bxc3 b6 9. Be2 Bb7 10. Qc2 Nd7 11. 0-0 Rc8 12. Rd1 c5 13. d5 exd5 14. exd5 Qc7 15. Qd2 Bd6 16. a4 Nf6 17. c4 h6 18. Re1 Rfe8 19. Bb2 Qd8 20. Bd3 Rxe1+ 21. Rxe1 Rc7 22. Bxf6 Qxf6 23. Re8+ Bf8 24. Bh7+ Kxh7 25. Rxf8 Re7 26. Kf1 Qa1+ 27. Ne1 Ba6 28. f3 Bxc4+ 29. Kf2 Re2+ 30. Qxe2 Bxe2 31. Kxe2 Qe5+ 0-1